000 00594nam a2200181Ia 4500
008 100921s9999 xx 000 0 und d
082 _b30408
_a891.463 थ 97
100 _aकर्णिक हेमन्र.
245 _aखंडणी.
260 _bराज प्रकाशन, पुणे.
_c1997
300 _a248
_bशांती पब्लिकेशन,पुणे
365 _b155
520 _aललित-कादंबरी.
630 _aखंडणी.
650 _aललित-कादंबरी.
730 _aखंडणी.
942 _cBOOK
999 _c779521
_d779518